Normal view
MARC view
Entry Personal Name
001 - CONTROL NUMBER
- control field: 38853
003 - CONTROL NUMBER IDENTIFIER
- control field: OSt
005 - DATE AND TIME OF LATEST TRANSACTION
- control field: 20211105154505.0
008 - FIXED-LENGTH DATA ELEMENTS
- fixed length control field: 211105|| aca||aabn | a|a d
040 ## - CATALOGING SOURCE
- Original cataloging agency: OSt
- Transcribing agency: OSt
100 ## - HEADING--PERSONAL NAME
- Personal name: Khalatnikov, Isaak M
670 ## - SOURCE DATA FOUND
- Source citation: Work cat.: (OSt): Khalatnikov, Isaak M. , From the Atomic Bomb to the Landau Institute, 2012